[Event "Tashkent UzChess Futures 2nd"]
[Site "Tashkent"]
[Date "2025.06.27"]
[Round "9"]
[White "Abdisalimov, Abdimalik"]
[Black "Atabayev, Saparmyrat"]
[Result "0-1"]
[WhiteElo "2490"]
[BlackElo "2517"]
[PlyCount "82"]
[EventDate "2025.06.18"]
[EventType "tourn"]
[EventRounds "9"]
[EventCountry "UZB"]
[EventCategory "11"]
[SourceTitle "CB27_2025"]
[SourceDate "2025.07.02"]
[SourceVersion "1"]
[SourceVersionDate "2025.07.02"]
[SourceQuality "1"]

1. e4 c5 2. Nf3 d6 3. d4 cxd4 4. Nxd4 Nf6 5. Nc3 a6 6. Bg5 Nbd7 7. f4 Qc7 8. Qe2 e5 9. Nf5 h6 10. Bxf6 Nxf6 11. 0-0-0 exf4 12. Qd2 Bxf5 13. exf5 0-0-0 14. Qxf4 d5 15. Qf3 Qa5 16. Kb1 Bb4 17. Ne2 Rhe8 18. Nd4 Qb6 19. c3 Bc5 20. Bd3 Qd6 21. g3 Re5 22. Nc2 Qe7 23. a3 Ne4 24. Rhf1 Qg5 25. Qg2 Kc7 26. Ka2 Rde8 27. Rf4 Kb8 28. Qf3 Qf6 29. Qf1 Qb6 30. Na1 Be3 31. Bxe4 Bxf4 32. Bxd5 Bg5 33. Bxf7 Rf8 34. Bg6 Rd8 35. Nb3 Bf6 36. g4 Rxd1 37. Qxd1 Ka7 38. Qf1 Qe3 39. Bf7 Re4 40. Bd5 Rxg4 41. Bg2 Bxc3 0-1

[Event "Tashkent UzChess Futures 2nd"]
[Site "Tashkent"]
[Date "2025.06.26"]
[Round "8"]
[White "Sychev, Klementy"]
[Black "Abdisalimov, Abdimalik"]
[Result "1-0"]
[WhiteElo "2513"]
[BlackElo "2490"]
[PlyCount "119"]
[EventDate "2025.06.18"]
[EventType "tourn"]
[EventRounds "9"]
[EventCountry "UZB"]
[EventCategory "11"]
[SourceTitle "CB27_2025"]
[SourceDate "2025.07.02"]
[SourceVersion "1"]
[SourceVersionDate "2025.07.02"]
[SourceQuality "1"]

1. e4 c5 2. Nf3 d6 3. d4 cxd4 4. Nxd4 Nf6 5. Nc3 a6 6. f4 e5 7. Nf3 Qc7 8. Bd3 Be7 9. 0-0 0-0 10. Kh1 Nbd7 11. g4 Nxg4 12. f5 b5 13. Qe2 Bb7 14. Rg1 Ndf6 15. h3 b4 16. Nd5 Bxd5 17. exd5 e4 18. Bxe4 Nxe4 19. Rxg4 Nf6 20. Rg2 Rfe8 21. Bh6 g6 22. fxg6 hxg6 23. Qd3 Bf8 24. Bxf8 Rxf8 25. Rag1 Qe7 26. Ng5 Ra7 27. Qd4 Rb7 28. Ne6 Nh5 29. Nxf8 Qxf8 30. Rf1 Qe8 31. Rf5 Ng7 32. Rf3 a5 33. Re3 Qa8 34. Qe4 Rb5 35. Kh2 Qa7 36. Rf3 Rb7 37. Re2 Rc7 38. c4 bxc3 39. Rxc3 Rb7 40. Rc8+ Kh7 41. Qh4+ Nh5 42. Qd8 Qd4 43. Qg8+ Kh6 44. Qh8+ Qxh8 45. Rxh8+ Kg5 46. Rd8 Nf4 47. Rd2 f5 48. Rxd6 Rh7 49. Rc6 Rxh3+ 50. Kg1 Rg3+ 51. Kf1 Rf3+ 52. Ke1 Nd3+ 53. Ke2 Ne5 54. Re6 Nc4 55. Kxf3 Nxd2+ 56. Ke3 Ne4 57. d6 Nc5 58. Re5 Nd7 59. Re7 Nb6 60. d7 1-0

[Event "Karshi op 3rd"]
[Site "Karshi"]
[Date "2025.05.06"]
[Round "3"]
[White "Abdisalimov, Abdimalik"]
[Black "Shavkatov, Lazizbek"]
[Result "1-0"]
[WhiteElo "2519"]
[BlackElo "1843"]
[PlyCount "85"]
[EventDate "2025.05.05"]
[EventType "swiss"]
[EventRounds "9"]
[EventCountry "UZB"]
[SourceTitle "CB20_2025"]
[SourceDate "2025.05.14"]
[SourceVersion "1"]
[SourceVersionDate "2025.05.14"]
[SourceQuality "1"]

1. d4 d5 2. c4 c6 3. cxd5 cxd5 4. Bf4 Nf6 5. e3 Nc6 6. Bd3 e6 7. Nc3 a6 8. Rc1 Be7 9. h3 0-0 10. Nf3 Bd6 11. 0-0 Qe7 12. Bb1 Rd8 13. Bg5 h6 14. Bh4 Qf8 15. e4 Be7 16. e5 Nd7 17. Qd3 g6 18. Ne2 Bxh4 19. Nxh4 Qg7 20. f4 Nf8 21. Kh2 Bd7 22. g4 Rac8 23. Rg1 Ne7 24. Nc3 b5 25. Rce1 b4 26. Ne2 Bb5 27. Qd2 g5 28. f5 f6 29. Nf3 a5 30. Ng3 Be8 31. h4 exf5 32. gxf5 g4 33. Qf4 h5 34. e6 Kh8 35. Nd2 Kh7 36. Nb3 Nc6 37. Rc1 a4 38. Nc5 Qc7 39. Qe3 Qe7 40. Nxa4 Nd7 41. Rge1 Nde5 42. dxe5 Nxe5 43. Qxe5 1-0

[Event "Kuwait Rapid op 3rd"]
[Site "Kuwait City"]
[Date "2025.05.03"]
[Round "7"]
[White "Sethuraman, SP."]
[Black "Abdisalimov, Abdimalik"]
[Result "0-1"]
[WhiteElo "2552"]
[BlackElo "2519"]
[PlyCount "114"]
[EventDate "2025.05.02"]
[EventType "swiss (rapid)"]
[EventRounds "9"]
[EventCountry "KUW"]
[SourceTitle "CB19_2025"]
[SourceDate "2025.05.07"]
[SourceVersion "1"]
[SourceVersionDate "2025.05.07"]
[SourceQuality "1"]

1. e4 c5 2. Nf3 d6 3. d4 cxd4 4. Nxd4 Nf6 5. Nc3 a6 6. Be3 e5 7. Nb3 Be6 8. h3 d5 9. exd5 Bxd5 10. Qd2 Nc6 11. 0-0-0 Bb4 12. a3 Bxc3 13. Qxc3 Rc8 14. Nc5 0-0 15. Bd3 Nd4 16. Bxd4 exd4 17. Qxd4 Bxg2 18. Qxd8 Rfxd8 19. Rhg1 Bf3 20. Bf5 Rb8 21. Rxd8+ Rxd8 22. b4 g6 23. Bd3 Rd4 24. Rg3 Bc6 25. Re3 Kf8 26. Kd2 h5 27. Ke1 g5 28. Be2 h4 29. Bf3 Nd5 30. Rd3 Rxd3 31. Nxd3 Nxb4 32. Bxc6 Nxc6 33. Nc5 Nd8 34. Ke2 Ke7 35. Kf3 f5 36. a4 Kd6 37. Nb3 Ne6 38. Na5 Nc5 39. Nc4+ Kd5 40. Ne3+ Ke6 41. a5 Nd7 42. Ke2 Ne5 43. f3 Nc6 44. f4 gxf4 45. Ng2 Nxa5 46. Nxh4 Nc6 47. Ng6 f3+ 48. Kf2 Ne5 49. Nf4+ Kf6 50. h4 a5 51. Nd5+ Kg6 52. Ne7+ Kh5 53. Nxf5 a4 54. Nd4 a3 55. Nb3 Kxh4 56. Nd2 a2 57. Nb3 Kg4 0-1

[Event "Almaty zt 3.4"]
[Site "Almaty"]
[Date "2025.04.06"]
[Round "6"]
[White "Abdisalimov, Abdimalik"]
[Black "Abdilkhair, Abilmansur"]
[Result "1-0"]
[WhiteElo "2525"]
[BlackElo "2410"]
[PlyCount "69"]
[EventDate "2025.04.02"]
[EventType "swiss"]
[EventRounds "9"]
[EventCountry "KAZ"]
[SourceTitle "CB15_2025"]
[SourceDate "2025.04.09"]
[SourceVersion "1"]
[SourceVersionDate "2025.04.09"]
[SourceQuality "1"]

1. c4 g6 2. d4 Nf6 3. f3 d5 4. cxd5 Nxd5 5. e4 Nb6 6. Nc3 Bg7 7. Be3 0-0 8. Qd2 Nc6 9. 0-0-0 a5 10. d5 Ne5 11. Bd4 c6 12. Qf2 Ned7 13. Bxg7 Kxg7 14. h4 cxd5 15. exd5 Nf6 16. g4 Qc7 17. Kb1 h5 18. gxh5 Bf5+ 19. Bd3 Bxd3+ 20. Rxd3 Nxh5 21. Nge2 Rac8 22. Rg1 Nd7 23. f4 b5 24. Ng3 Nxg3 25. Rdxg3 Nf6 26. f5 b4 27. Na4 Ne4 28. Qd4+ Nf6 29. Qd3 Rfd8 30. fxg6 Rxd5 31. gxf7+ Kxf7 32. Rg7+ Ke8 33. Rg8+ Kf7 34. Qg6+ Ke6 35. Rxc8 1-0

[Event "Almaty zt 3.4"]
[Site "Almaty"]
[Date "2025.04.05"]
[Round "4"]
[White "Abdisalimov, Abdimalik"]
[Black "Bizhigitov, Zhangir"]
[Result "1/2-1/2"]
[WhiteElo "2525"]
[BlackElo "2219"]
[PlyCount "42"]
[EventDate "2025.04.02"]
[EventType "swiss"]
[EventRounds "9"]
[EventCountry "KAZ"]
[SourceTitle "CB15_2025"]
[SourceDate "2025.04.09"]
[SourceVersion "1"]
[SourceVersionDate "2025.04.09"]
[SourceQuality "1"]

1. c4 Nf6 2. Nc3 e6 3. e4 d5 4. cxd5 exd5 5. e5 Ne4 6. d4 Bb4 7. Qa4+ Nc6 8. Bb5 0-0 9. Nge2 Nxd4 10. Nxd4 c5 11. Nde2 d4 12. 0-0 dxc3 13. a3 Nd2 14. axb4 Nxf1 15. Kxf1 a6 16. Nxc3 axb5 17. Qxa8 cxb4 18. Qa5 Qd3+ 19. Ke1 bxc3 20. Qxc3 Qxc3+ 21. bxc3 Re8 1/2-1/2

[Event "Tashkent Agzamov Memorial 18th"]
[Site "Tashkent"]
[Date "2025.03.26"]
[Round "7"]
[White "Gasparyan, Erik R"]
[Black "Abdisalimov, Abdimalik"]
[Result "0-1"]
[WhiteElo "2377"]
[BlackElo "2525"]
[PlyCount "114"]
[EventDate "2025.03.20"]
[EventType "swiss"]
[EventRounds "10"]
[EventCountry "UZB"]
[SourceTitle "CB14_2025"]
[SourceDate "2024.11.01"]
[SourceVersion "1"]
[SourceVersionDate "2024.11.01"]
[SourceQuality "1"]

1. e4 c5 2. c3 Nf6 3. e5 Nd5 4. d4 cxd4 5. cxd4 d6 6. Nf3 Nc6 7. Bc4 dxe5 8. Nxe5 e6 9. 0-0 Be7 10. Re1 0-0 11. Bb3 Nxe5 12. dxe5 Nb4 13. Qf3 Nd3 14. Rd1 Nxe5 15. Qg3 Nd7 16. Nc3 Bh4 17. Qh3 Qe7 18. Bf4 e5 19. Nd5 Qd8 20. Bg3 Bxg3 21. Qxg3 b6 22. Ba4 f6 23. Rac1 Nc5 24. Bc6 Rb8 25. b4 Ne6 26. f4 Nd4 27. Qe3 Bg4 28. Rd2 Nxc6 29. Rxc6 Qe8 30. Rc1 Kh8 31. h3 Bf5 32. Rc7 exf4 33. Qxf4 Qe1+ 34. Kh2 Rbd8 35. Rd4 Qe5 36. Qxe5 fxe5 37. Rd1 Be6 38. Ne3 Rxd1 39. Nxd1 Bxa2 40. Rxa7 Bb3 41. Nc3 Rc8 42. Nb5 Bd5 43. Re7 e4 44. Nd6 Ra8 45. Re5 Bb3 46. Nxe4 h6 47. Nd2 Bf7 48. Re7 Kg8 49. Rd7 Ra4 50. Rd4 Kh7 51. g4 b5 52. h4 Bc4 53. Nxc4 Rxb4 54. Kg2 Rxc4 55. Rxc4 bxc4 56. Kf2 Kg6 57. Ke3 h5 0-1

[Event "Tashkent Al Beruniy-A 2nd"]
[Site "Tashkent"]
[Date "2025.02.10"]
[Round "8"]
[White "Murzin, Volodar"]
[Black "Abdisalimov, Abdimalik"]
[Result "1-0"]
[WhiteElo "2657"]
[BlackElo "2533"]
[PlyCount "67"]
[EventDate "2025.02.03"]
[EventType "tourn"]
[EventRounds "9"]
[EventCountry "UZB"]
[EventCategory "14"]
[SourceTitle "CB07_2025"]
[SourceDate "2025.02.12"]
[SourceVersion "1"]
[SourceVersionDate "2025.02.12"]
[SourceQuality "1"]

1. d4 Nf6 2. Nf3 d5 3. Bf4 c5 4. e3 Nc6 5. Nbd2 e6 6. c3 cxd4 7. exd4 Nh5 8. Be3 Bd6 9. Ne5 g6 10. Nd3 f6 11. g3 0-0 12. Bg2 b6 13. 0-0 Ba6 14. Nf3 Qd7 15. Re1 Rae8 16. Bh6 Ng7 17. h4 e5 18. dxe5 fxe5 19. Nf4 exf4 20. Qxd5+ Rf7 21. Ng5 Ne5 22. Nxf7 Nxf7 23. Bxf4 Nf5 24. Bxd6 N5xd6 25. Qd4 Be2 26. Rac1 Qf5 27. c4 Re5 28. b4 Qe6 29. c5 Nb5 30. Qd2 Bc4 31. a4 Na3 32. Qc3 Bd5 33. Bxd5 Qxd5 34. Red1 1-0

[Event "Muscat-ch op"]
[Site "Muscat"]
[Date "2024.12.29"]
[Round "6"]
[White "Bellahcene, Bilel"]
[Black "Abdisalimov, Abdimalik"]
[Result "0-1"]
[WhiteElo "2531"]
[BlackElo "2536"]
[PlyCount "128"]
[EventDate "2024.12.26"]
[EventType "swiss"]
[EventRounds "9"]
[EventCountry "OMN"]
[SourceTitle "CB01_2025"]
[SourceDate "2025.01.01"]
[SourceVersion "1"]
[SourceVersionDate "2025.01.01"]
[SourceQuality "1"]

1. e4 c5 2. Nf3 d6 3. d4 cxd4 4. Nxd4 Nf6 5. Nc3 a6 6. Be2 e5 7. Nb3 Be7 8. Bg5 Be6 9. Bxf6 Bxf6 10. Qd3 Be7 11. 0-0-0 Nd7 12. g3 Rc8 13. f4 Nf6 14. f5 Bd7 15. Bf3 b5 16. a3 h5 17. h3 h4 18. g4 Nh7 19. Nd5 Bg5+ 20. Kb1 0-0 21. Bg2 a5 22. Nc3 b4 23. axb4 axb4 24. Nd5 Rb8 25. Bf1 Bc6 26. Qa6 Qd7 27. Bc4 Ra8 28. Nb6 Qc7 29. Bxf7+ Qxf7 30. Nxa8 Bxa8 31. Rhe1 Be7 32. Rd3 Ng5 33. Nd2 Rb8 34. Rxd6 Bb7 35. Qd3 Bxd6 36. Qxd6 Qe8 37. Qxb4 Kh7 38. Qc5 Rd8 39. Qf2 Kg8 40. Qxh4 Rxd2 41. Qxg5 Rd4 42. f6 g6 43. Rf1 Kf7 44. Qh6 Qg8 45. Qe3 Bxe4 46. Qb3+ Bd5 47. Qb6 Qc8 48. g5 Be4 49. Qa7+ Rd7 50. Qa4 Bf5 51. h4 Rc7 52. Rf2 Rc4 53. Qb3 Be6 54. h5 Rd4 55. Qf3 Rf4 56. Qd3 Rf5 57. hxg6+ Kxg6 58. Rh2 Qc4 59. Qxc4 Bxc4 60. b3 Bf7 61. Kc1 Rxg5 62. Kd2 Kxf6 63. Rf2+ Ke6 64. c4 Rg3 0-1

[Event "Muscat-ch op"]
[Site "Muscat"]
[Date "2024.12.26"]
[Round "1"]
[White "Abdisalimov, Abdimalik"]
[Black "Sai, Prasath Karthikeyan"]
[Result "1-0"]
[WhiteElo "2536"]
[BlackElo "1611"]
[PlyCount "111"]
[EventDate "2024.12.26"]
[EventType "swiss"]
[EventRounds "9"]
[EventCountry "OMN"]
[SourceTitle "CB01_2025"]
[SourceDate "2025.01.01"]
[SourceVersion "1"]
[SourceVersionDate "2025.01.01"]
[SourceQuality "1"]

1. d4 d5 2. c4 c6 3. Nf3 Bf5 4. Qb3 Qb6 5. Nc3 Nf6 6. c5 Qxb3 7. axb3 e6 8. b4 Be7 9. Bf4 Nbd7 10. e3 0-0 11. b5 Ne4 12. bxc6 bxc6 13. Ba6 Nxc3 14. bxc3 Be4 15. Bb7 Rae8 16. Bxc6 Bxf3 17. gxf3 Rd8 18. Rxa7 Nb8 19. Bb5 Bf6 20. c6 Nxc6 21. Bxc6 Rc8 22. Ra6 Rfd8 23. Kd2 g5 24. Rg1 h6 25. h4 Kh7 26. hxg5 Bxg5 27. Bxg5 hxg5 28. Rxg5 Rd6 29. Ra1 e5 30. Bxd5 Rg6 31. Be4 Kh6 32. Rxe5 Re6 33. Rf5 Kg7 34. Bd5 Re7 35. Rg1+ Kf8 36. Rh5 Ke8 37. c4 Kd7 38. c5 Rce8 39. Ra1 Rc8 40. Rh6 Kd8 41. f4 f5 42. Rd6+ Rd7 43. Ra7 Rcc7 44. Rxd7+ Rxd7 45. Rxd7+ Kxd7 46. Kd3 Ke7 47. Kc4 Kd7 48. c6+ Kc7 49. Kc5 Kb8 50. Be6 Kc7 51. d5 Kb8 52. d6 Ka7 53. c7 Ka8 54. c8Q+ Ka7 55. Qc7+ Ka6 56. Bc4# 1-0

[Event "Qatar Masters op-A"]
[Site "Doha"]
[Date "2024.12.09"]
[Round "6"]
[White "Abdisalimov, Abdimalik"]
[Black "Martirosyan, Haik M"]
[Result "1-0"]
[WhiteElo "2536"]
[BlackElo "2656"]
[PlyCount "153"]
[EventDate "2024.12.03"]
[EventType "swiss"]
[EventRounds "9"]
[EventCountry "QAT"]
[SourceTitle "CB51_2024"]
[SourceDate "2024.12.18"]
[SourceVersion "1"]
[SourceVersionDate "2024.12.18"]
[SourceQuality "1"]

1. e4 e5 2. Nf3 Nc6 3. Bb5 Nf6 4. 0-0 Nxe4 5. Re1 Nd6 6. Nxe5 Be7 7. Bf1 Nxe5 8. Rxe5 0-0 9. d4 Ne8 10. c4 Bf6 11. Re1 d5 12. cxd5 Qxd5 13. Be3 Be6 14. Nc3 Qd7 15. Bb5 Qd8 16. Qf3 c6 17. Bd3 Nc7 18. Rad1 Nd5 19. Ne4 Re8 20. a3 a5 21. h3 Rc8 22. Bb1 b6 23. Bc1 Be7 24. Re2 Nf6 25. Ng5 Bd5 26. Qd3 g6 27. Nf3 Bf8 28. Ne5 Nd7 29. Qg3 Bg7 30. Rde1 Nf8 31. h4 f6 32. Ng4 Rxe2 33. Rxe2 Bc4 34. Re1 Qxd4 35. h5 Bf7 36. Bh6 c5 37. Bxg7 Kxg7 38. h6+ Kg8 39. Qf3 f5 40. Qb7 Qxg4 41. Ba2 c4 42. Qxc8 Bd5 43. f3 Qd4+ 44. Kf1 Qd3+ 45. Re2 Qd1+ 46. Kf2 Qd4+ 47. Kg3 g5 48. Kh2 Qf4+ 49. Kg1 Qd4+ 50. Kf1 Qd1+ 51. Kf2 Qd4+ 52. Ke1 Bf7 53. Qc7 a4 54. f4 Qg1+ 55. Kd2 Qd4+ 56. Kc1 Qg1+ 57. Kc2 Qd4 58. Qe5 Ne6 59. fxg5 b5 60. Kc1 Qg1+ 61. Re1 Qxg2 62. Qb8+ Nf8 63. Qxb5 Qg3 64. Qe5 Qxg5+ 65. Kb1 Qxh6 66. Rg1+ Ng6 67. Qxf5 Qe3 68. Rf1 Qe8 69. Ka1 Kg7 70. Qf6+ Kg8 71. Qc3 Qe4 72. Rc1 h5 73. Bxc4 h4 74. Bxf7+ Kxf7 75. Rf1+ Kg8 76. Qc7 h3 77. Qc8+ 1-0

[Event "Abu Dhabi op-A 30th"]
[Site "Abu Dhabi"]
[Date "2024.08.24"]
[Round "9"]
[White "Abdisalimov, Abdimalik"]
[Black "Daghli, Arash"]
[Result "0-1"]
[WhiteElo "2544"]
[BlackElo "2411"]
[PlyCount "84"]
[EventDate "2024.08.15"]
[EventType "swiss"]
[EventRounds "9"]
[EventCountry "UAE"]
[SourceTitle "EXT 2025"]
[Source "ChessBase"]
[SourceDate "2024.10.14"]
[SourceVersion "1"]
[SourceVersionDate "2024.10.14"]
[SourceQuality "1"]

1. c4 e5 2. g3 c6 3. d4 e4 4. Nc3 d5 5. Nh3 Bb4 6. Bg2 Nf6 7. 0-0 0-0 8. Qb3 Bxc3 9. bxc3 h6 10. Nf4 dxc4 11. Qxc4 Nbd7 12. Qb3 Nb6 13. a4 Re8 14. Rd1 g5 15. a5 Nbd5 16. Nh3 b5 17. axb6 Nxb6 18. Ra5 Be6 19. Qc2 Nc4 20. Rc5 Bd5 21. f3 Qe7 22. Nf2 e3 23. Ng4 Nxg4 24. fxg4 Qe6 25. Rf1 a5 26. Qf5 Qxf5 27. Rxf5 Red8 28. Bxd5 cxd5 29. Rfxd5 Rxd5 30. Rxd5 Rb8 31. Kg2 Rb1 32. Rc5 Nd2 33. d5 Rxc1 34. d6 Re1 35. d7 Rxe2+ 36. Kh1 Nf3 37. d8Q+ Kg7 38. Qd4+ Nxd4 39. cxd4 Rd2 40. Re5 e2 41. Kg1 Rd1+ 42. Kf2 e1Q+ 0-1

[Event "TUR-chT"]
[Site "Ankara"]
[Date "2024.07.20"]
[Round "8.20"]
[White "Mammadov, Zaur Fazahir Oglu"]
[Black "Abdisalimov, Abdimalik"]
[Result "0-1"]
[WhiteElo "2426"]
[BlackElo "2526"]
[PlyCount "116"]
[EventDate "2024.07.14"]
[EventType "team-tourn"]
[EventRounds "15"]
[EventCountry "TUR"]
[SourceTitle "EXT 2025"]
[Source "ChessBase"]
[SourceDate "2024.10.14"]
[SourceVersion "1"]
[SourceVersionDate "2024.10.14"]
[SourceQuality "1"]
[WhiteTeam "Rota Koleji Dernegi"]
[BlackTeam "Karaman Futbol"]
[WhiteTeamCountry "TUR"]
[BlackTeamCountry "TUN"]

1. d4 Nf6 2. Nc3 d5 3. Bf4 a6 4. e3 b5 5. Bd3 e6 6. Nf3 Bb7 7. Ne2 c5 8. c3 Nbd7 9. h3 Be7 10. Ne5 0-0 11. 0-0 Rc8 12. Rc1 Re8 13. Bb1 Nxe5 14. Bxe5 Nd7 15. Bh2 Bf8 16. Nf4 e5 17. dxe5 Nxe5 18. Bf5 Ra8 19. Nd3 Ng6 20. Qh5 Qf6 21. Rfd1 h6 22. Bd7 Re4 23. Bg4 c4 24. Ne1 Ne5 25. Be2 Re8 26. Bf1 Bc5 27. Nc2 Rh4 28. Qe2 Rxh3 29. Nd4 Rxh2 30. Kxh2 Qh4+ 31. Kg1 Ng4 32. Nf3 Qh5 33. Rd4 Bxd4 34. cxd4 Re6 35. Qd2 Rf6 36. Be2 Bc8 37. Rd1 Bf5 38. Qa5 Bc2 39. Rd2 Rxf3 40. Qc7 Rf6 41. Qc8+ Kh7 42. Bxg4 Qg6 43. f3 Bb1 44. Rf2 Qg5 45. f4 Qg6 46. a3 Be4 47. Kh2 c3 48. bxc3 Rc6 49. Qd7 Rxc3 50. Rf3 Rxa3 51. Rg3 Qf6 52. Qb7 Rc3 53. Bh3 Rc6 54. Bd7 Rb6 55. Qc7 b4 56. Be8 Qh4+ 57. Rh3 Qf2 58. Rg3 Rg6 0-1

[Event "Kazan BRICS Games Blitz Team"]
[Site "Kazan"]
[Date "2024.06.21"]
[Round "9.9"]
[White "Abdisalimov, Abdimalik"]
[Black "Ammar, Sedrani"]
[Result "1-0"]
[WhiteElo "2504"]
[BlackElo "2235"]
[PlyCount "93"]
[EventDate "2024.06.21"]
[EventType "team-swiss (blitz)"]
[EventRounds "11"]
[EventCountry "RUS"]
[SourceTitle "CBM 220 Extra"]
[Source "ChessBase"]
[SourceDate "2024.07.31"]
[SourceVersion "1"]
[SourceVersionDate "2024.07.31"]
[SourceQuality "1"]
[WhiteTeam "Uzbekistan"]
[BlackTeam "United Arab Emirates"]
[WhiteTeamCountry "UZB"]
[BlackTeamCountry "UAE"]

1. d4 d5 2. c4 e6 3. Nc3 Nf6 4. Nf3 Be7 5. Bf4 0-0 6. e3 Re8 7. a3 c6 8. Qc2 Bd6 9. Bg5 Nbd7 10. Rd1 h6 11. Bh4 a6 12. e4 dxe4 13. Nxe4 Be7 14. Nc3 Bd6 15. c5 Be7 16. Be2 Nd5 17. Bxe7 Qxe7 18. 0-0 Nxc3 19. Qxc3 e5 20. Nxe5 Nxe5 21. dxe5 Qxe5 22. Qxe5 Rxe5 23. Rd8+ Kh7 24. Bd3+ g6 25. b4 Rd5 26. Rxd5 cxd5 27. f4 Kg7 28. Kf2 Kf6 29. Ke3 Bf5 30. Rd1 Re8+ 31. Kf3 Rd8 32. g4 Bxd3 33. Rxd3 h5 34. h3 hxg4+ 35. hxg4 Rh8 36. Rxd5 Rh3+ 37. Ke4 Rxa3 38. Rd6+ Ke7 39. Rb6 Ra4 40. Rxb7+ Ke6 41. Rb6+ Ke7 42. Ke5 a5 43. Rb7+ Ke8 44. b5 Rb4 45. c6 a4 46. Rb8+ Ke7 47. c7 1-0

[Event "Kazan BRICS Games Blitz Team"]
[Site "Kazan"]
[Date "2024.06.21"]
[Round "5.5"]
[White "Abdisalimov, Abdimalik"]
[Black "Bai, Jinshi"]
[Result "0-1"]
[WhiteElo "2504"]
[BlackElo "2564"]
[PlyCount "76"]
[EventDate "2024.06.21"]
[EventType "team-swiss (blitz)"]
[EventRounds "11"]
[EventCountry "RUS"]
[SourceTitle "CBM 220 Extra"]
[Source "ChessBase"]
[SourceDate "2024.07.31"]
[SourceVersion "1"]
[SourceVersionDate "2024.07.31"]
[SourceQuality "1"]
[WhiteTeam "Uzbekistan"]
[BlackTeam "China"]
[WhiteTeamCountry "UZB"]
[BlackTeamCountry "CHN"]

1. d4 d5 2. c4 e6 3. Nc3 c5 4. cxd5 exd5 5. Nf3 Nf6 6. g3 Nc6 7. Bg2 cxd4 8. Nxd4 Bc5 9. Nb3 Bb6 10. 0-0 d4 11. Na4 0-0 12. Bg5 h6 13. Bxf6 Qxf6 14. Rc1 Re8 15. Re1 Bg4 16. Nac5 Rac8 17. Qd2 Re7 18. h3 Bh5 19. Nd3 Bg6 20. Nf4 Qd6 21. Nxg6 Qxg6 22. Nc5 Ba5 23. Qf4 Bxe1 24. Rxe1 Qg5 25. Qxg5 hxg5 26. Kf1 Nb4 27. Nxb7 d3 28. exd3 Rxe1+ 29. Kxe1 Nxd3+ 30. Kd2 Nxb2 31. Bd5 Rc7 32. Ke3 Nd1+ 33. Kd4 Nxf2 34. Nd6 Nxh3 35. a4 Ng1 36. a5 Ne2+ 37. Ke3 Rd7 38. Bxf7+ Kf8 0-1